Terrifying Diseases - Statistics

General Stats
  • This quiz has been taken 84 times
  • The average score is 4 of 23
Answer Stats
Hint Answer % Correct
Makes you afraid of water (99% fatality) Rabies
73%
Abnormal cell growth which can spread to other body parts Cancer
68%
Viral haemorrhagic fever most commonly found in Liberia Ebola
68%
Caused by a retrovirus which attacks the immune system AIDS
52%
Sudden unexplained death of a <1 year old child Sudden infant death syndrome
36%
An aquatic amoeba goes through the nose and eats your brain Naegleriasis
21%
You slowly lose the ability to sleep, then you die from the exhaustion Fatal insomnia
18%
100% fatal and no known cure Transmissible spongiform encephalopathy
17%
A blister is induced and bursts then a worm emerges slowly for 3 to 10 weeks Dracunculiasis
15%
Caused by Francisella tularensis, spread by mosquitoes Tularemia
12%
Extreme pain on 1 side of the face, often drives the patient to suicide Trigeminal neuralgia
8%
Muscles tendons and connective tissues turn to bone, paralyzing the patient Fibrodysplasia ossificans progressiva
3%
A worm that infiltrates the eye, 2nd most common cause of blindness Loa loa
3%
100% fatal if untreated Nipah
3%
Caused by Burkholderia mallei, you can get it from horses Glanders
2%
Only 5 cases were ever reported, but 4 of them were fatal Lujo
2%
Fungal infection that causes eye bulging Mucormycosis
2%
Plasma leaks from blood vessels, causing swelling Clarkson's disease
0%
Extreme pain due to a breakdown of the nervous system Complex regional pain syndrome
0%
Joseph Carey Merrick had this disease Elephant man syndrome
0%
Fungal infection usually affecting the feet, eventually disabling Emycetoma
0%
Viral haemorrhagic fever with no treatment Marburg virus disease
0%
Ulcers wear down tissue until it's destroyed (90% fatality) Noma
0%
No matching quizzes found
Score Distribution
Percent of People with Each Score
Percentile by Number Answered
Your Score History
You have not taken this quiz